Artur Brauner: Produzent. Productor de cine
Guardado en:
| Autor Corporativo: | |
|---|---|
| Formato: | Libro |
| Lenguaje: | alemán español |
| Publicado: |
Múnich
Goethe Institut Inter Nationes
2002
|
| Materias: | |
| Etiquetas: |
Agregar Etiqueta
Sin Etiquetas, Sea el primero en etiquetar este registro!
|
MARC
| LEADER | 00000nam a2200000 a 4500 | ||
|---|---|---|---|
| 001 | UCH4814 | ||
| 003 | CL-VaPUC | ||
| 008 | 090903e20020000GW |||||||||||||||||ger|d | ||
| 041 | 0 | 7 | |a ger |2 CL-VaPUC |
| 041 | 0 | 7 | |a spa |2 CL-VaPUC |
| 082 | 0 | 4 | |a 791.43 |b GOE |2 21 |
| 110 | 2 | |a Goethe Institut Inter Nationes |e author |9 540756 | |
| 245 | 1 | 0 | |a Artur Brauner: Produzent. Productor de cine |
| 300 | |a 38 p | ||
| 942 | |c BK | ||
| 945 | |d 20090903 00:00:00 |a dcastane | ||
| 260 | |a Múnich |b Goethe Institut Inter Nationes |c 2002 | ||
| 650 | 7 | |a PRODUCTORES DE CINE |2 CL-VaPUC |9 358580 | |
| 650 | 7 | |a REALIZADORES CINEMATOGRAFICOS |2 CL-VaPUC |9 355120 | |
| 650 | 0 | |a Cine alemán |9 408351 | |
| 650 | 0 | |a Biografías |9 255210 | |
| 583 | |a last modification |c 20090903 00:00:00 |k Rodrigo Vera | ||
| 999 | |c 336072 |d 336070 | ||
| 952 | |0 0 |1 0 |4 0 |6 791_430000000000000_GOE_2002 |7 0 |8 X |9 426967 |a FDOBUD |b FDOBUD |d 2019-11-22 |i 4596706 |o 791.43 GOE 2002 |p 4596706 |r 2019-11-22 |w 2019-11-22 |y BK_X |k BUD | ||